| 000 | 00724nam a2200217Ia 4500 | ||
|---|---|---|---|
| 005 | 20250507130401.0 | ||
| 008 | 008 250505s9999 xx 000 0 eng d | ||
| 020 | _a0-674-00785-9 | ||
| 037 | _aAnnuals, Advances | ||
| 040 |
_aEASL _beng _cEASL |
||
| 041 |
_aeng _2eng |
||
| 084 |
_aW60aL:5.42, P1 _qEASL |
||
| 100 |
_aGeorge Timothy S. Au. _9665964 |
||
| 245 | 0 | _aMinamata: Pollution and the struggle for democracy in postwar Japan | |
| 260 |
_aUK _bLondon Harward university press USA _c2001 |
||
| 300 | _a385p. | ||
| 490 | _aHarvard East Asian Monographs | ||
| 650 |
_aPublic health-Japan-Minamata-shi-History _9666562 |
||
| 942 |
_cTEXL _hW60aL:5.42, P1 |
||
| 999 |
_c1319389 _d1319389 |
||